[Event "Detroit op"]
[Site "Detroit"]
[Date "2000.12.16"]
[Round "1"]
[White "Foord, Allan"]
[Black "Mc Kinzie, Maurice"]
[Result "1-0"]
[WhiteElo "1500"]
[BlackElo "849"]
[PlyCount "69"]
[EventDate "2000.12.16"]
[EventType "swiss"]
[EventRounds "6"]
[EventCountry "USA"]
[SourceTitle "EXT 2007"]
[Source "ChessBase"]
[SourceDate "2006.11.23"]
[SourceVersion "1"]
[SourceVersionDate "2006.11.23"]
[SourceQuality "1"]

1. e4 e5 2. Nf3 Nc6 3. Bb5 d6 4. d4 Bg4 5. dxe5 dxe5 6. Qxd8+ Rxd8 7. Nc3 Bb4 8. Bd2 Nge7 9. Nxe5 0-0 10. Nxg4 Nd4 11. Bd3 Nec6 12. f4 Na5 13. 0-0 a6 14. Rad1 b5 15. Nd5 Bxd2 16. Rxd2 Nc4 17. Bxc4 bxc4 18. Rxd4 c6 19. Ne7+ Kh8 20. Rxd8 Rxd8 21. h4 Rd2 22. Rf2 Rd1+ 23. Kh2 Rb1 24. Rd2 h6 25. c3 Ra1 26. a3 c5 27. Ne5 Rf1 28. Kg3 Re1 29. Nxf7+ Kh7 30. e5 Rf1 31. h5 g5 32. hxg6+ Kg7 33. f5 Rh1 34. Rd8 h5 35. Rg8# 1-0

[Event "Detroit op"]
[Site "Detroit"]
[Date "2000.12.16"]
[Round "6"]
[White "La Ferriere, Adam"]
[Black "Mc Kinzie, Maurice"]
[Result "1-0"]
[WhiteElo "917"]
[BlackElo "849"]
[PlyCount "57"]
[EventDate "2000.12.16"]
[EventType "swiss"]
[EventRounds "6"]
[EventCountry "USA"]
[SourceTitle "EXT 2007"]
[Source "ChessBase"]
[SourceDate "2006.11.23"]
[SourceVersion "1"]
[SourceVersionDate "2006.11.23"]
[SourceQuality "1"]

1. e4 Nc6 2. Nf3 e5 3. d4 exd4 4. Nxd4 Qe7 5. Nc3 Nf6 6. Nxc6 bxc6 7. Bg5 Qd6 8. Qe2 Be7 9. e5 Qe6 10. exf6 Qxe2+ 11. Bxe2 gxf6 12. Bf4 d6 13. 0-0-0 Rg8 14. Bf3 Bb7 15. Rde1 a5 16. Re3 a4 17. Rhe1 Kf8 18. Rxe7 a3 19. Bh6+ Rg7 20. Bxg7+ Kxg7 21. bxa3 Rxa3 22. Kb2 Ra6 23. Rxc7 Rb6+ 24. Kc1 Ba8 25. Ree7 Ra6 26. Rxf7+ Kg8 27. Rg7+ Kh8 28. Rgd7 Ra7 29. Rc8# 1-0

[Event "Detroit op"]
[Site "Detroit"]
[Date "2000.12.16"]
[Round "2"]
[White "Mc Kinzie, Maurice"]
[Black "Hartsfield, Jonathan"]
[Result "0-1"]
[WhiteElo "849"]
[BlackElo "1096"]
[PlyCount "45"]
[EventDate "2000.12.16"]
[EventType "swiss"]
[EventRounds "6"]
[EventCountry "USA"]
[SourceTitle "EXT 2007"]
[Source "ChessBase"]
[SourceDate "2006.11.23"]
[SourceVersion "1"]
[SourceVersionDate "2006.11.23"]
[SourceQuality "1"]

1. Nf3 c5 2. e4 e6 3. Bc4 d6 4. Nc3 Nc6 5. d3 Nf6 6. Bg5 Be7 7. d4 cxd4 8. Nxd4 Qc7 9. Bb5 a6 10. Bxc6+ bxc6 11. Qf3 h6 12. Bxf6 Bxf6 13. e5 Bxe5 14. Nxc6 Bb7 15. 0-0 Bxc6 16. Qd3 0-0 17. Ne4 Bxe4 18. Qxe4 Rfc8 19. c3 f5 20. Qf3 Rab8 21. Rfe1 d5 22. Qe2 Bxc3 23. bxc3 0-1

[Event "Detroit op"]
[Site "Detroit"]
[Date "1999.12.18"]
[Round "6"]
[White "Collins, Michael"]
[Black "Mc Kinzie, Maurice"]
[Result "0-1"]
[WhiteElo "602"]
[BlackElo "606"]
[PlyCount "54"]
[EventDate "1999.12.18"]
[EventType "swiss"]
[EventRounds "6"]
[EventCountry "USA"]
[SourceTitle "EXT 2007"]
[Source "ChessBase"]
[SourceDate "2006.11.23"]
[SourceVersion "1"]
[SourceVersionDate "2006.11.23"]
[SourceQuality "1"]

1. c4 Nf6 2. d3 Nc6 3. Nc3 e5 4. e4 Bb4 5. Bd2 Bxc3 6. Bxc3 d5 7. Be2 0-0 8. Nf3 dxe4 9. dxe4 Qxd1+ 10. Rxd1 Nxe4 11. Bxe5 Nxe5 12. Nxe5 Re8 13. Nxf7 Kxf7 14. 0-0 Ng3 15. fxg3+ Kg8 16. c5 Rxe2 17. Rf3 Bg4 18. Rf4 Rxg2+ 19. Kxg2 Bxd1 20. b4 Rd8 21. b5 Rd2+ 22. Kh3 Rxa2 23. c6 bxc6 24. bxc6 g5 25. Re4 g4+ 26. Kh4 h6 27. Re7 Rxh2# 0-1